|
|
|
|
| LEADER |
01458nam a2200313 a 4500 |
| 001 |
3557 |
| 003 |
BD-DhAAL |
| 008 |
850912s1985 nyua b 000 0 eng d |
| 999 |
|
|
|c 440
|d 440
|
| 010 |
|
|
|a \\\85204273
|
| 020 |
|
|
|a 0866191712 (pbk.) :
|c $7.95
|
| 040 |
|
|
|a DLC
|c DLC
|d DLC
|d BD-DhAAL
|
| 082 |
0 |
0 |
|a 333.7915091724
|2 19
|
| 100 |
1 |
|
|a Bassan, Elizabeth.
|9 42023
|
| 245 |
1 |
0 |
|a Environmentally sound small-scale energy projects /
|c Elizabeth Ann Bassan ; Timothy S. Wood, technical editor ; [illustrations by Linda Jacobs].
|
| 260 |
|
|
|a New York, N.Y. :
|b Coordination in Development ;
|a [Arlington, Va.] :
|b Volunteers in Technical Assistance,
|c 1985.
|
| 300 |
|
|
|a iii, 138 pages :
|b illustrations ;
|c 23 cm.
|
| 490 |
|
0 |
|a Guidelines for planning
|
| 504 |
|
|
|a Includes bibliographical references (pages 132-134).
|
| 541 |
1 |
|
|e 3557
|
| 650 |
|
0 |
|a Power resources
|x Environmental aspects
|z Developing countries.
|9 42024
|
| 650 |
|
0 |
|a Remote area power supply systems
|z Developing countries.
|9 42025
|
| 650 |
|
0 |
|a Small power production facilities
|z Developing countries.
|9 42026
|
| 700 |
1 |
|
|a Wood, Timothy S.
|9 42027
|
| 710 |
2 |
|
|a Coordination in Development, Inc.
|9 42028
|
| 710 |
2 |
|
|a Volunteers in Technical Assistance.
|9 42029
|
| 852 |
4 |
|
|a Ayesha Abed Library
|c General Stacks
|
| 942 |
|
|
|2 ddc
|c BK
|
| 952 |
|
|
|0 0
|1 0
|2 ddc
|4 0
|6 333_791509172400000_BAS_1985
|7 0
|9 400
|a BRACUL
|b BRACUL
|c GEN
|d 2009-05-06
|g 138.00
|l 0
|o 333.7915091724 BAS
|p 3010003557
|r 2009-05-06
|t 1
|w 2009-05-06
|y BK
|